Field Crops of Ceylon (Record no. 3054)
[ view plain ]
| 000 -LEADER | |
|---|---|
| fixed length control field | 00485nam a2200145Ia 4500 |
| 005 - DATE AND TIME OF LATEST TRANSACTION | |
| control field | 20240903013546.0 |
| 008 - FIXED-LENGTH DATA ELEMENTS--GENERAL INFORMATION | |
| fixed length control field | 240331s9999 xx 000 0 und d |
| 082 ## - DDC Classification | |
| Item Number - Author Mark | SEN |
| Class No. | 633 |
| 100 ## - MAIN ENTRY--PERSONAL NAME | |
| Personal name | Senewiratne, S.T, & Appadurai R.R |
| 245 #0 - TITLE STATEMENT | |
| Title | Field Crops of Ceylon |
| 260 ## - PUBLICATION, DISTRIBUTION, ETC. | |
| Place of publication, distribution, etc. | Colombo |
| Name of publisher, distributor, etc. | Lake House investments Limited Publishers |
| Date of publication, distribution, etc. | 1966 |
| 300 ## - PHYSICAL DESCRIPTION | |
| Extent (e.g. Volumes, Pages etc.) | 376 p ., |
| 500 ## - GENERAL NOTE | |
| General note | This book is the outcome of many years of study of the art and science of field crop culture in Ceylon. |
| 942 ## - Koha item type (Biblio) | |
| Koha item type | Books in Stacks (Lending) |
| Lost status | Damaged status | Collection code | Home library | Current library | Shelving location | Date acquired | Full call number | Accession Number | Item type |
|---|---|---|---|---|---|---|---|---|---|
| Lending | WERC Library | WERC Library | Social Science Cupboard | 03/31/2024 | 633 SEN | 5563 | Books in Stacks (Lending) |
